| 000 | 01049cab a2200193 4500 | ||
|---|---|---|---|
| 001 | ##L131481 | ||
| 008 | 051107n2005 000 0 eng u | ||
| 035 | _a(Sirsi) u131481 | ||
| 041 | 0 | _aeng | |
| 100 | 1 | _aMann, David | |
| 245 | 0 | 0 |
_aAsbestos management _bDuty holders' responsibilities under the new regulations and a typical methodology survey |
| 260 | _c2005 | ||
| 490 | 0 |
_aJournal of Building Appraisal _v1(3) September 2005, 244-252(9) |
|
| 520 | _aProvides practical advice to duty holders and their advisers on how to comply with their responsibilities under Regulation 4 of the Control of Asbestos at Work Regulations 2002 (CAWR). Advocates following steps: desktop study of plans and specifications, inspection of the building, survey planning, preparation and adoption of asbestos management plan, application for land remediation tax relief (if appropriate). | ||
| 590 | _aIKA081105 | ||
| 650 | 2 | 4 | _aCONTROL OF ASBESTOS AT WORK REGULATIONS 2002 |
| 690 | _aMANAGEMENT-HEALTH AND SAFETY-HAZARDOUS SUBSTANCES-ASBESTOS | ||
| 942 | _n0 | ||
| 999 |
_c76110 _d76110 |
||